000 00277nam a2200109Ia 4500
008 220204s9999 xx 000 0 und d
082 _a801.14
_bDAS
100 _aDas, S B
245 0 _aPhonetics and intonation in spoken English
260 _aCalcutta
_bFirma
_c1977
942 _cBK
999 _c34603
_d34603